Daně a poplatky Základní informace pro podnikatele

Saved in:
Bibliographic Details
Main Author: Kout, Petr
Other Authors: Popelová, Miluše
Format: Book
Language:Czech
Published: Praha Epos 1991
Edition:1. vyd.
Subjects:
Tags: Add Tag
No Tags, Be the first to tag this record!

MARC

LEADER 00000nam a2200000 4500
001 c000973
005 20221214093349.9
041 0 |a cze 
044 |a CZ 
245 1 0 |a Daně a poplatky  |b Základní informace pro podnikatele  |c Petr Kout, Miluše Popelová 
250 |a 1. vyd. 
264 1 |a Praha  |b Epos  |c 1991 
300 |a 49 s. 
610 2 0 |a dane 
610 2 0 |a poplatky 
610 2 0 |a podnikanie 
610 2 0 |a dane z obratu 
610 2 0 |a dane z príjmov 
610 2 0 |a dane poľnohospodárske 
610 2 0 |a dane z objemu miezd 
610 2 0 |a reformy daňové 
610 2 0 |a ČSFR 
610 2 0 |a odvody do rozpočtu štátneho 
610 2 0 |a sústava daňová 
100 1 |a Kout, Petr 
700 1 |a Popelová, Miluše